Estadísticas para Países por la Primera y Última Letra

Haz click aquí para tomar la prueba!

Estadísticas generales

  • Esta prueba ha sido tomada 1,579 veces
  • La puntuación promedio es 17 de 24

Estadísticas de respuestas

Primera letra País Última letra % Correcto
ZZambiaA
93%
UUruguayY
89%
JJapónN
89%
IIrakK
85%
TTúnezZ
84%
CChadD
82%
VVanuatuU
81%
FFiyiI
79%
KKuwaitT
79%
VVietnamM
78%
NNepalL
78%
YYibutiI
78%
BBeliceE
66%
NNígerR
66%
HHondurasS
65%
PPortugalL
61%
GGabónN
61%
FFilipinasS
59%
CComorasS
53%
IIsraelL
52%
MMozambiqueE
52%
SSenegalL
48%
EEgiptoO
47%
EEcuadorR
46%

Distribución de puntuación

Porcentaje por número respondido

Porcentaje de gente con cada puntuación

Historial de tus puntuaciones

No has tomado esta prueba